| 000 | 01209nam a2200277Ia 4500 | ||
|---|---|---|---|
| 999 |
_c51358 _d51358 |
||
| 001 | 18340 | ||
| 003 | GE_BSU | ||
| 005 | 20220328134020.0 | ||
| 008 | 181216s2016ge xx |||||||||||||| ||geo|| | ||
| 020 | _a9789941085758 | ||
| 040 | _cGE_BSU | ||
| 041 | _ageo | ||
| 080 | _a94(479.22) დ–43 | ||
| 100 |
_aდიასამიძე, ბიჭიკო _913624 |
||
| 245 |
_aისტორიული ეტიუდები II / _cბიჭიკო დიასამიძე, რედ: ნ.კახიძე, ო.ჯიბაშვილი |
||
| 264 |
_aბათუმი : _bთეგი, _c2016. |
||
| 300 |
_a406 გვ.: _c21 სმ. |
||
| 504 | _aბიბლ.გვ.405 | ||
| 520 | _aრეზიუმე გვ.406 ინგლ.ენ. | ||
| 653 | _aისტორია | ||
| 653 | _aისტორიული ეტიუდები | ||
| 700 |
_aკახიძე, ნ _qრედაქტორი _913628 |
||
| 700 |
_aჯიბაშვილი, ო _eრედაქტორი _913626 |
||
| 710 |
_aშოთა რუსთაველის სახ. უნ-ტი. ნიკო ბერძენიშვილის ინ-ტი _913627 |
||
| 942 |
_cBK _2udc |
||